| 000 | 01213nam a22002657a 4500 | ||
|---|---|---|---|
| 005 | 20170124103157.0 | ||
| 010 | _aB-064441 | ||
| 020 |
_c140.00 _a8170165458 |
||
| 035 | _aB-064441 | ||
| 037 | _bCen Lib/Ret | ||
| 040 |
_aDPL _bHN |
||
| 082 |
_a820.8 _bशुक्लश्री |
||
| 100 |
_aशुक्ल, श्रीलाल _990004 |
||
| 245 |
_aमेरे साक्षात्कार / _cश्रीलाल शुक्ल |
||
| 246 |
_aMere sashatkar / _bby Shrilal Shukla |
||
| 260 |
_aनयी दिल्ली _bकिताबघर प्रकाशन _c2002 |
||
| 270 |
_bनयी दिल्ली _a24, अंसारी रोड, दरियागंज _e110002 |
||
| 300 |
_a132पृ. _c20सेमी(सजिल्द) |
||
| 490 | _aमेरे साक्षात्कार सीरीज | ||
| 650 |
_aहिन्दी -- साहित्य _990005 |
||
| 650 |
_aहिन्दी -- साक्षात्कार -- महान व्यक्ति _990006 |
||
| 650 |
_aHindi literature _990007 |
||
| 650 |
_aHindi - interview - great person _990008 |
||
| 942 |
_2ddc _cHN _h820.8 _mशुक्लश्री |
||
| 999 |
_c120364 _d120364 |
||